Puteriku : nasihat abah untukmu

Bibliographic Details
Main Author: Zulkifli Mohamad al-Bakri Dr
Format: Book
Published: Nilai : Pustaka Cahaya Kasturi , [s.n]
Subjects:

MARC

LEADER 00000cam a2200000 7i4500
001 0000058908
005 20160117.0
008 160117
020 |a 9789670562780 
090 0 0 |a 297.577   |b ZUL 
100 1 |a Zulkifli Mohamad al-Bakri   |c Dr. 
245 1 0 |a Puteriku :   |b nasihat abah untukmu   |c Dr. Zulkifli Mohamad al-Bakri 
260 |a Nilai :   |b Pustaka Cahaya Kasturi ,   |c [s.n] 
300 |a 166 p. :   |b ill. ;   |c 21 cm. 
650 0 |a Islam Customs and practices 
650 0 |a Religious life Islam 
999 |a 0001386774   |b Book   |c Adult Collection   |e Cawangan AEON Kulaijaya 
999 |a 0001386775   |b Book   |c Adult Collection   |e Cawangan Urban Transformation Centre 
999 |a 0001386776   |b Book   |c Adult Collection   |e Perbadanan Perpustakaan Awam Johor 
999 |a 0001387479   |b Book   |c Adult Collection   |e Cawangan Segamat 
999 |a 0001387480   |b Book   |c Adult Collection   |e Cawangan Batu Pahat 
999 |a 0001387481   |b Book   |c Adult Collection   |e Cawangan Tangkak 
999 |a 0001387482   |b Book   |c Adult Collection   |e Cawangan Bandar Tenggara 
999 |a 0001387484   |b Book   |c Adult Collection   |e Cawangan Tmn. Ungku Tun Aminah 
999 |a 0001387485   |b Book   |c Adult Collection   |e Cawangan Muar 
999 |a 0001387486   |b Book   |c Adult Collection   |e Cawangan Kota Tinggi 
999 |a 0001387487   |b Book   |c Adult Collection   |e Cawangan Bandar Penawar 
999 |a 0001387488   |b Book   |c Adult Collection   |e Cawangan Mersing 
999 |a 0001387490   |b Book   |c Adult Collection   |e Cawangan Bukit Gambir 
999 |a 0001387491   |b Book   |c Adult Collection   |e Cawangan Taman Sri Lambak 
999 |a 0001711555   |b Book   |c Teenagers   |e Cawangan Sri Merlong